Acid and sour gas treating processes

Uloženo v:
Podrobná bibliografie
Hlavní autor: Newman, Stephen A. (Autor)
Médium: Kniha
Jazyk:angličtina
Vydáno: Houston Gulf 1985
Témata:
Tagy: Přidat tag
Žádné tagy, Buďte první, kdo vytvoří štítek k tomuto záznamu!

MARC

LEADER 00000nam a2200000 a 4500
001 UCV6970
003 CL-VaPUC
008 881212e19850000US |||||||||||||||||eng|d
082 0 4 |a 665.73  |b NEW  |2 21 
100 |a Newman, Stephen A.  |e author  |9 300950 
245 1 0 |a Acid and sour gas treating processes 
300 |a 820 p 
942 |c BK 
945 |d 19881212 00:00:00 
260 |a Houston  |b Gulf  |c 1985 
650 7 |a GASES PURIFICACION  |2 CL-VaPUC  |9 300951 
650 0 |a Gas natural  |9 263904 
583 |a last modification  |c 19881212 00:00:00  |k Rodrigo Vera 
999 |c 212740  |d 212738 
952 |0 0  |1 0  |4 0  |6 665_730000000000000_NEW_1985  |7 0  |8 A  |9 194278  |a BIBING  |b BIBING  |d 2019-11-14  |i 2624753  |o 665.73 NEW 1985  |p 2624753  |r 2025-01-20  |w 2019-11-14  |y BK  |k EIQ